000 00583nam a2200241Ia 4500
003 OSt
005 20240507094325.0
008 210210b1967 xxu||||| |||| 00| 0 eng d
040 _cAL
041 _aEnglish
082 _a589.3 ALEA
100 _aALEXOPOULOS (C J)
_9163423
245 _aAlgae and fungi
260 _aNew York
_bMacmillan Publishing Co Inc
_c1967
300 _aviii,135
650 _afungi
_9163424
650 _aand
_9163425
650 _aAlgae
_9163426
690 _aBotany
_9163427
700 _aBold (H C).
_9163428
906 _a035365
942 _2ddc
_cBK
999 _c86293
_d86293